LEADER 01121nam0-2200301 --450 001 9910312351503321 005 20190326142022.0 100 $a20190326d1970----kmuy0itay5050 ba 101 0 $aita 102 $aIT 105 $a 001yy 200 1 $a<>futuro del Ticino$eanalisi e progettazione, sviluppo turistico e conservazione ambientale nel tratto milanese$fMaurice Cerasi, Piergiorgio Marabelli 210 $a[Padova]$cMarsilio$d[1970] 215 $a144 p., [6] c. di tav. ripieg.$cill.$d23 cm 225 1 $aDocumentazione di architettura e di urbanistica$v17 300 $aSul front.: Studio dell'Ente provinciale per il turismo di Milano 610 0 $aProgettazione architettonica$aMilano 610 0 $aProgettazione architettonica$aTicino 676 $a711.094521$v19 700 1$aCerasi,$bMaurice Münir$f<1932- >$0334283 701 1$aMarabelli,$bPiergiorgio$032112 801 0$aIT$bUNINA$gREICAT$2UNIMARC 901 $aBK 912 $a9910312351503321 952 $aC 1176 CAN$bs.i.$fDARPU 959 $aDARPU 996 $aFuturo del Ticino$91548924 997 $aUNINA LEADER 03504nam 22006252 450 001 9910458434603321 005 20151002020704.0 010 $a0-7486-5317-1 010 $a1-282-62044-4 010 $a9786612620447 010 $a0-7486-4177-7 035 $a(CKB)2560000000011184 035 $a(EBL)537029 035 $a(OCoLC)638860178 035 $a(SSID)ssj0000415796 035 $a(PQKBManifestationID)11262077 035 $a(PQKBTitleCode)TC0000415796 035 $a(PQKBWorkID)10416285 035 $a(PQKB)10510633 035 $a(UkCbUP)CR9780748641772 035 $a(StDuBDS)EDZ0000055618 035 $a(MiAaPQ)EBC537029 035 $a(Au-PeEL)EBL537029 035 $a(CaPaEBR)ebr10391746 035 $a(CaONFJC)MIL262044 035 $a(EXLCZ)992560000000011184 100 $a20120514d2009|||| uy| 0 101 0 $aeng 135 $aur||||||||||| 181 $ctxt$2rdacontent 182 $cc$2rdamedia 183 $acr$2rdacarrier 200 00$aDevelopment models in Muslim contexts $eChinese, "Islamic" and neo-liberal alternatives /$fedited by Robert Springborg$b[electronic resource] 210 1$aEdinburgh :$cEdinburgh University Press,$d2009. 215 $a1 online resource (266 pages) $cdigital, PDF file(s) 225 1 $aExploring Muslim contexts 300 $aTitle from publisher's bibliographic system (viewed on 02 Oct 2015). 311 $a0-7486-3968-3 320 $aIncludes bibliographical references and index. 327 $tThe lure of development models /$rRobert Springborg --$tThe Chinese model and its global reception.$tA China model or just a broken mould? /$rWilliam Hurst ;$tLatin America's view of China :$tinterest, but scepticism /$rBarbara Stallings ;$tThe China model in Africa :$ta new brand of developmentalism /$rCatherine Boone with Dhawal Doshi --$tThe Chinese model and its competitors in the Muslim World.$tLearning the right lessons from Beijing :$ta model for the Arab World? /$rEmma Murphy ;$tTowards an Islamic model for the Middle East and North Africa? /$rClement M. Henry ;$tDemocracy, development and political Islam :$tcomparing Iran and Turkey /$rMohammed Ayoob --$tThe role of governance in development models.$tCan the East Asian developmental state be replicated :$tthe case of Malaysia /$rJeff Tan ;$tGovernance and development :$ta case study of Pakistan /$rIshrat Husain ;$tIs "Good governance" an appropriate model for governance reforms :$tthe relevance of East Asia for developing Muslim countries /$rMushtaq Khan ;$tNot Washington, Beijing nor Mecca :$tthe limitations of development models /$rRobert Springborg. 330 $aThis book examines the characteristics of the Chinese economic development model and its reception in Africa and Latin America. It also investigates the current competition over governance models in the Muslim world and asks which model or models will guide development in Muslim countries. 410 0$aExploring Muslim contexts. 606 $aEconomic development$zIslamic countries 607 $aIslamic countries$xEconomic policy 607 $aChina$xEconomic conditions$xMathematical models 615 0$aEconomic development 676 $a338.90091767 702 $aSpringborg$b Robert 712 02$aAga Khan University.$bInstitute for the Study of Muslim Civilisations. 801 0$bUkCbUP 801 1$bUkCbUP 906 $aBOOK 912 $a9910458434603321 996 $aDevelopment models in Muslim contexts$92467924 997 $aUNINA